| 000 | 00450nam a2200169Ia 4500 | ||
|---|---|---|---|
| 999 |
_c7057 _d7057 |
||
| 003 | GBCCL | ||
| 005 | 20241126110618.0 | ||
| 008 | 180706b ||||| |||| 00| 0 eng d | ||
| 040 | _cGBC | ||
| 082 |
_a030 _bLEO |
||
| 100 |
_aLeolum, Arkady _912497 |
||
| 245 |
_aTell Me Why/ _cArkady Leokum |
||
| 260 |
_c1990. _aLondon: _bThe Octopus Publishing Group Ltd., |
||
| 300 | _a392p. | ||
| 650 |
_aChildren's questions and answers _912385 |
||
| 942 |
_2ddc _cREF |
||